Detalles MARC
| 000 -CABECERA |
| campo de control de longitud fija |
02051nam a2200409 i 4500 |
| 001 - NÚMERO DE CONTROL |
| campo de control |
000048693 |
| 003 - IDENTIFICADOR DEL NÚMERO DE CONTROL |
| campo de control |
DO-SdBNP |
| 005 - FECHA Y HORA DE LA ÚLTIMA TRANSACCIÓN |
| campo de control |
20250221073755.0 |
| 007 - CAMPO FIJO DE DESCRIPCIÓN FÍSICA--INFORMACIÓN GENERAL |
| campo de control de longitud fija |
ta |
| 008 - DATOS DE LONGITUD FIJA--INFORMACIÓN GENERAL |
| campo de control de longitud fija |
100407s2015 dr ad 000 0 spa d |
| 020 ## - NÚMERO INTERNACIONAL ESTÁNDAR DEL LIBRO |
| Número Internacional Estándar del Libro |
9789945898453 |
| 040 ## - FUENTE DE LA CATALOGACIÓN |
| Centro catalogador/agencia de origen |
DO-SdBNP |
| Lengua de catalogación |
spa |
| Centro/agencia transcriptor |
BNPHU |
| Normas de descripción |
rda |
| 082 ## - NÚMERO DE LA CLASIFICACIÓN DECIMAL DEWEY |
| Número de clasificación |
317.72935 |
| Número de documento/Ítem |
P438e, 2015 |
| Número de edición |
22 |
| 110 1# - ENTRADA PRINCIPAL--NOMBRE DE ENTIDAD CORPORATIVA |
| Nombre de entidad corporativa o nombre de jurisdicción como elemento de entrada |
República Dominicana. |
| Unidad subordinada |
Oficina Nacional de Estadística |
| 9 (RLIN) |
5775 |
| 245 10 - MENCIÓN DE TÍTULO |
| Título |
Perfiles estadísticos provinciales : |
| Resto del título |
regiones Cibao Norte-Noroeste / |
| Mención de responsabilidad, etc. |
recopilación Ivón Eliana González Pérez, Nancy Mora Alcántara, Laudys Ortiz |
| 264 #1 - PRODUCCIÓN, PUBLICACIÓN, DISTRIBUCIÓN, FABRICACIÓN Y COPYRIGHT |
| Producción, publicación, distribución, fabricación y copyright |
Santo Domingo : |
| Nombre del de productor, editor, distribuidor, fabricante |
ONE, |
| Fecha de producción, publicación, distribución, fabricación o copyright |
2015. |
| 300 ## - DESCRIPCIÓN FÍSICA |
| Extensión |
200 páginas |
| Otras características físicas |
ilustración ., diagramas |
| Dimensiones |
28 cm. |
| 336 ## - TIPO DE CONTENIDO |
| Fuente |
rdacontent |
| Término de tipo de contenido |
texto |
| Código de tipo de contenido |
txt |
| 337 ## - TIPO DE MEDIO |
| Fuente |
rdamedia |
| Nombre/término del tipo de medio |
sin mediación |
| Código del tipo de medio |
n |
| 338 ## - TIPO DE SOPORTE |
| Fuente |
rdacarrier |
| Nombre/término del tipo de soporte |
volumen |
| Código del tipo de soporte |
nc |
| 505 0# - NOTA DE CONTENIDO CON FORMATO |
| Título |
Región Cibao Norte -- |
| -- |
Espaillat -- |
| -- |
Pueto Plata -- |
| -- |
Santiago -- |
| -- |
Región Cibao Noroete -- |
| -- |
Dajabón -- |
| -- |
Monte Cristi -- |
| -- |
Santiago Rodríguez -- |
| -- |
Valverde. |
| 590 ## - NOTA LOCAL (RLIN) |
| Nota local |
Inventariado,2019/VM |
| 651 #4 - PUNTO DE ACCESO ADICIONAL DE MATERIA--NOMBRE GEOGRÁFICO |
| Nombre geográfico |
República Dominicana |
| Subdivisión general |
Población |
| Subdivisión de forma |
Estadísticas |
| 9 (RLIN) |
64617 |
| 651 #4 - PUNTO DE ACCESO ADICIONAL DE MATERIA--NOMBRE GEOGRÁFICO |
| Nombre geográfico |
Espaillat, (República Dominicana) |
| Subdivisión general |
Condiciones económicas |
| Subdivisión de forma |
Estadísticas |
| 9 (RLIN) |
76139 |
| 651 #4 - PUNTO DE ACCESO ADICIONAL DE MATERIA--NOMBRE GEOGRÁFICO |
| Nombre geográfico |
Puerta Plata, (República Dominicana) |
| Subdivisión general |
Condiciones sociales |
| Subdivisión de forma |
Estadísticas |
| 9 (RLIN) |
76140 |
| 651 #4 - PUNTO DE ACCESO ADICIONAL DE MATERIA--NOMBRE GEOGRÁFICO |
| Nombre geográfico |
Santiago (República Dominicana) |
| Subdivisión general |
Población |
| 9 (RLIN) |
76141 |
| 651 #4 - PUNTO DE ACCESO ADICIONAL DE MATERIA--NOMBRE GEOGRÁFICO |
| Nombre geográfico |
Dajabón (República Dominicana) |
| Subdivisión general |
Condiciones económicas |
| Subdivisión de forma |
Estadísticas |
| 9 (RLIN) |
76142 |
| 651 #4 - PUNTO DE ACCESO ADICIONAL DE MATERIA--NOMBRE GEOGRÁFICO |
| Nombre geográfico |
Monte Cristi (República Dominicana) |
| Subdivisión general |
Condiciones Sociales |
| Subdivisión de forma |
Estadísticas |
| 9 (RLIN) |
76143 |
| 651 #4 - PUNTO DE ACCESO ADICIONAL DE MATERIA--NOMBRE GEOGRÁFICO |
| Nombre geográfico |
Santiago Rodríguez (República Dominicana) |
| Subdivisión general |
Población |
| Subdivisión de forma |
Estadísticas |
| 9 (RLIN) |
76144 |
| 651 #4 - PUNTO DE ACCESO ADICIONAL DE MATERIA--NOMBRE GEOGRÁFICO |
| Nombre geográfico |
Valverde, (República Dominicana) |
| Subdivisión general |
Condiciones económicas |
| Subdivisión de forma |
Estadísticas |
| 9 (RLIN) |
76145 |
| 700 ## - PUNTO DE ACCESO ADICIONAL--NOMBRE DE PERSONA |
| Nombre de persona |
González Pérez, Ivón Eliana |
| 9 (RLIN) |
5774 |
| Término indicativo de función/relación |
recopilador |
| 700 ## - PUNTO DE ACCESO ADICIONAL--NOMBRE DE PERSONA |
| Nombre de persona |
Mora Alcántara, Nancy |
| Término indicativo de función/relación |
recopilador |
| 9 (RLIN) |
84824 |
| 700 ## - PUNTO DE ACCESO ADICIONAL--NOMBRE DE PERSONA |
| Nombre de persona |
Ortiz, Laudys |
| Término indicativo de función/relación |
recopilador |
| 9 (RLIN) |
84825 |
| 710 1# - PUNTO DE ACCESO ADICIONAL--NOMBRE DE ENTIDAD CORPORATIVA |
| Nombre de entidad corporativa o nombre de jurisdicción como elemento de entrada |
República Dominicana. |
| Unidad subordinada |
Oficina Nacional de Estadística |
| 9 (RLIN) |
5775 |
| 910 ## - DATOS DE OPCIÓN DEL USUARIO (OCLC) |
| Datos de opción del usuario |
Validado. Control de calidad MFF |
| 942 ## - ELEMENTOS DE PUNTO DE ACCESO ADICIONAL (KOHA) |
| Fuente del sistema de clasificación o colocación |
Dewey Decimal Classification |
| Tipo de ítem Koha |
Libro |